00958nam a2200301 4500003000400000005001700004008004100021020001500062040001800077041000800095050002400103100001900127245006300146264003500209300002500244336002200269337002400291338002400315500008200339650003600421650004500457650002300502650002800525650003400553650003800587942001400625999001700639OSt20260601193839.0260508b2001 nz a|||| |||| 00| 0 eng d a0646415549 aICIbspacICI aeng aGV1703.K5bW45 2001 1aWhincup, Tony, 1aAkekeia! :btraditional dance in Kiribati /cTony Whincup. a [Australia] :bFormat,c2001. a168 páginasc30cm. atexto2rdacontent asin medio2rdamedia avolumen2rdacarrier aEstudio fotográfico y etnográfico sobre la danza tradicional de Kiribati. aDanzas tradicionaleszKiribati. aDanza folclóricazOceaníazKiribati. aCulturazKiribati. aEtnografíazKiribati. aArtes escénicaszOceanía. aTradiciones culturaleszKiribati. 2lcccBn1 c21362d21362